Youth unemployment in Kenya : (Record no. 15021)
[ view plain ]
| 000 -LEADER | |
|---|---|
| fixed length control field | 00701cam a22001935i 4500 |
| 001 - CONTROL NUMBER | |
| control field | 19037087 |
| 005 - DATE AND TIME OF LATEST TRANSACTION | |
| control field | 20170503020051.0 |
| 008 - FIXED-LENGTH DATA ELEMENTS--GENERAL INFORMATION | |
| fixed length control field | 160331s2016 ke a b 000 0 eng |
| 010 ## - LIBRARY OF CONGRESS CONTROL NUMBER | |
| LC control number | 2015333226 |
| 020 ## - INTERNATIONAL STANDARD BOOK NUMBER | |
| International Standard Book Number | 9789966314215 |
| 040 ## - CATALOGING SOURCE | |
| Original cataloging agency | DLC |
| Language of cataloging | eng |
| Transcribing agency | DLC |
| Description conventions | rda |
| 042 ## - AUTHENTICATION CODE | |
| Authentication code | lcode |
| -- | pcc |
| 245 00 - TITLE STATEMENT | |
| Title | Youth unemployment in Kenya : |
| Remainder of title | a ticking time bomb / |
| Statement of responsibility, etc. | edited by: Helmut Danner, Monica Kerrets-Makau, Johannes Michael Nebe. |
| 300 ## - PHYSICAL DESCRIPTION | |
| Extent | x, 214 pages : |
| Other physical details | illustrations ; |
| Dimensions | 21 cm |
| 504 ## - BIBLIOGRAPHY, ETC. NOTE | |
| Bibliography, etc | Includes bibliographical references. |
| 906 ## - LOCAL DATA ELEMENT F, LDF (RLIN) | |
| a | 0 |
| b | ibc |
| c | origode |
| d | 3 |
| e | ncip |
| f | 20 |
| g | y-gencatlg |
| 942 ## - ADDED ENTRY ELEMENTS (KOHA) | |
| Source of classification or shelving scheme | |
| Koha item type | Hard Covered Materials |
| Classification part | HD 6276 .Y68 2016 |
| Koha issues (borrowed), all copies | 4 |
| Withdrawn status | Lost status | Source of classification or shelving scheme | Damaged status | Not for loan | Home library | Current library | Shelving location | Date acquired | Source of acquisition | Cost, normal purchase price | Total Checkouts | Full call number | Barcode | Date last seen | Price effective from | Koha item type | Total Renewals | Date last checked out | Cost, replacement price |
|---|---|---|---|---|---|---|---|---|---|---|---|---|---|---|---|---|---|---|---|
| MACHAKOS UNIVERSITY LIBRARY | MACHAKOS UNIVERSITY LIBRARY | Open shelf | 18/10/2016 | Purchase | 800.00 | HD 6276 .Y68 2016 | 26988 | 18/10/2016 | 18/10/2016 | Hard Covered Materials | |||||||||
| MACHAKOS UNIVERSITY LIBRARY | MACHAKOS UNIVERSITY LIBRARY | Open shelf | 18/10/2016 | Purchase | 800.00 | 5 | HD 6276 .Y68 2016 | 26987 | 19/10/2020 | 18/10/2016 | Hard Covered Materials | 1 | 12/03/2020 | 0.00 | |||||
| MACHAKOS UNIVERSITY LIBRARY | MACHAKOS UNIVERSITY LIBRARY | Africana | 18/10/2016 | Purchase | 800.00 | 2 | HD 6276 .Y68 2016 | 26986 | 20/11/2021 | 18/10/2016 | Africana (Books) | 20/11/2021 | 0.00 | ||||||
| MACHAKOS UNIVERSITY LIBRARY | MACHAKOS UNIVERSITY LIBRARY | All Collections | 18/10/2016 | Purchase | 800.00 | 3 | HD 6276 .Y68 2016 | 26985 | 03/06/2019 | 18/10/2016 | Hard Covered Materials | 02/05/2017 |